| 000 | 00383nam a2200145Ia 4500 | ||
|---|---|---|---|
| 008 | 240624s9999 xx 000 0 und d | ||
| 041 | _aeng | ||
| 082 | _a659.2 CEN | ||
| 100 | _aCENTER ALLEN H | ||
| 245 | _aPUBLIC RELATIONS PRACTICES MANAGERIAL CA | ||
| 250 | _a(6th ed.) | ||
| 260 |
_c2008 _aNew Delhi _bPrentice-Hall of India |
||
| 300 | _a418 : p. : cm. ; 24 | ||
| 365 |
_cRS _b36 |
||
| 999 |
_c10368 _d10368 |
||